Регионална библиотека "Любен Каравелов" - Русе

Emile ou de l'education (Запис номер 344796)

MARC детайли
000 -Лидер
Контролно поле с фиксирана дължина 00930nam a2200277 c 4500
003 - Код на организацията, давaща контролен номер
Контролно поле BLK
005 - Дата и час на последна редакция
Контролно поле 20201019152051.0
008 - Елементи от данни с фиксирана дължина
fixed length control field 180911b bul|||||r ||||||| ||bul||
010 ## - Наследен системен номер
LC control number 004462
040 ## - Източник на каталожния запис
Идентификатор на билиотеката - собственик на записа BLK
041 ## - Код за език
Код за езика на текст/звукозапис или на отделно заглавие Френски
Код за езика КДБФ Български
080 ## - УДК
Текстов определител УДК Френска литература
УДК код - определител по УДК 821.133.1
УДК - код + определител 821.133.1-31
УДК определител -31
100 ## - Редна дума - Автор
Автор Rousseau, Jean-Jacques
Авторска отговорност първи автор
R(LIN) 367281
139 ## - Редно поле
Редна дума Rousseau, Jean-Jacques
245 00 - Сведения за заглавието
Заглавие Emile ou de l'education
Редно поле (дума) Jean-Jacques Rousseau.
250 ## - Област на изданието
Сведения за изданието Nouv. ed
260 ## - Област на издателските данни
Място на издаване, разпространение и проч. Paris
Име на издателя, разпространителя и проч. Garnier Freres
Година на издаване s.a
300 ## - Физическа характеристика
Страници L, 666 с
Размери/Мащаб 18 см
380 ## - Жанр
Жанр Худож. лит.
490 ## - СЕРИИ (Колекции)
Име на серия Частна колекция - Академик Михаил Арнаудов
Бележки за серията Дарение - Основен фонд
500 ## - Общи забележки
Забележка Михаил Арнаудов: негови-книга. - Подчертавания в текста и бележки върху подвързията
520 ## - Забележка за наличие на резюме, анотация и т.н
Анотация, рецензия, сканиран текст
655 ## - Ключова дума – жанр/разновидност
Данни за жанр/разновидност или ключова дума за фокус френска литература
852 ## - Местоположение
Форматна сигнатура МА 1272
Фондова буква Фонд "Михаил Арнаудов"
999 ## - СИСТЕМНИ КОНТРОЛНИ НОМЕРА
Koha biblionumber 344796
Koha biblioitemnumber 344796
942 ## - АРТИКУЛИ
Вид на библиотечния материал Книги
Скрит в OPAC Не
Периодичен библиозапис Да
944 ## - СЪЗДАВАНЕ И РЕДАКЦИЯ на ЗАПИСА
Създаване/Редакция Създаване
Дата на регистрацията/редакция 1996
Служител, извършил регистрацията/редакцията ValK
999 ## - СИСТЕМНИ КОНТРОЛНИ НОМЕРА
Koha biblioitemnumber 344796
999 ## - СИСТЕМНИ КОНТРОЛНИ НОМЕРА
Koha biblioitemnumber 344796
Наличности
Код за отписване Код за изгубен артикул Източник на класификационната схема Код за повреда Коз за рестрикции Код за отдаване Артикулен № Име на библиотеката - собственик Име на библиотеката, в която се намира в момента Статус (Текущо местоположение) Местоположение - отдел Цена в лева Номерация (Хронология) Инвентарен номер Систематично азбучна сигнатура Баркод Номер на екземпляра Цена в евро Служебен тип на артикула
  Не е изгубен Universal Decimal Classification Не е повреден без рестрикции Специални фондове ( старопечатни, редки и ценни, фонд М. Арнаудов) 745272 Регионална библиотека "Любен Каравелов" Русе Регионална библиотека "Любен Каравелов" Русе Фонд "Михаил Арнаудов" Фонд "Михаил Арнаудов" 20.00   588307 МА 1272 120000588307 1 10.23 Книги
Vip Innovations Ltd, Rousse, Bulgaria 2025